Classifica Marcatori La Liga 2019-2020 - Statistics

Statistiche generali
  • Questo quiz è stato fatto 17 volte
  • Il punteggio medio è 7 su 16
Statistiche sulle risposte
Gol Nazione Squadra Calciatore % Corretto
25 Argentina Barcellona Lionel Messi
100%
21 Francia Real Madrid Karim Benzema
94%
16 Uruguay Barcellona Luis Suárez
94%
18 Spagna Villarreal Gerard Moreno
81%
12 Spagna Atletico Madrid Álvaro Morata
56%
13 Croazia Maiorca Ante Budimir
50%
14 Spagna Celta Vigo Iago Aspas
50%
11 Brasile Real Sociedad Willian José
50%
14 Argentina Siviglia Lucas Ocampos
31%
11 Spagna Real Madrid Sergio Ramos
31%
11 Spagna Alevés Joselu
25%
11 Spagna Getafe Jaime Mata
6%
15 Spagna Athletic Bilbao Raúl García
6%
11 Spagna Levante Roger Martí
6%
11 Spagna Alavés Lucas Pérez
0%
11 Spagna Villarreal Santi Cazorla
0%
Nessun quiz corrispondente trovato
Distribuzione punteggi
Percentuale di utenti per punteggio
Percentile per numero di risposta
I tuoi punteggi nel tempo
Non hai fatto questo quiz